Statistiken für Landkreise

Klicken Sie hier um das Quiz zu spielen!

Allgemein

  • Dieses Quiz wurde 116 mal gespielt
  • Das Durchschnittsergebnis liegt bei 17 aus 35

Antwortstatistiken

Landkreis (Bundesland)Anfangsbuchstabe(n)Verwaltungssitz% Korrekt
Bodenseekreis (BW)F...Friedrichshafen
82%
Lippe (NW)D...Detmold
72%
Vorpommern-Rügen (MV)S...Stralsund
70%
Friesland (NI)J...Jever
69%
Berchtesgadener Land (BY)B... R...Bad Reichenhall
63%
Bergstraße (HE)H...Heppenheim
61%
Emsland (NI)M...Meppen
60%
Mecklenburgische Seenplatte (MV)N...Neubrandenburg
56%
Lahn-Dill-Kreis (HE)W...Wetzlar
56%
Vogtlandkreis (SN)P...Plauen
54%
Donau-Ries (BY)D...Donauwörth
52%
Ortenaukreis (BW)O...Offenburg
51%
Stormarn (SH)B... O...Bad Oldesloe
49%
Vulkaneifel (RP)D...Daun
49%
Mittelsachsen (SN)F...Freiberg
48%
Weimarer Land (TH)A...Apolda
47%
Werra-Meißner-Kreis (HE)E...Eschwege
46%
Dithmarschen (SH)H...Heide
46%
Barnim (BB)E...Eberswalde
45%
Herzogtum Lauenburg (SH)R...Ratzeburg
45%
Saarpfalz-Kreis (SL)H...Homburg
44%
Burgenlandkreis (ST)N...Naumburg
44%
Grafschaft Bentheim (NI)N...Nordhorn
44%
Ostalbkreis (BW)A...Aalen
43%
Oberhavel (BB)O...Oranienburg
43%
Märkischer Kreis (NW)L...Lüdenscheid
37%
Hochsauerlandkreis (NW)M...Meschede
37%
Nordsachsen (SN)T...Torgau
37%
Westerwaldkreis (RP)M...Montabaur
36%
Harz (ST)H...Halberstadt
34%
Oberallgäu (BY)S...Sonthofen
33%
Eichsfeld (TH)H...Heiligenstadt
32%
Salzlandkreis (ST)B...Bernburg
30%
Unstrut-Hainich-Kreis (TH)M...Mühlhausen
30%
Donnersbergkreis (RP)K...Kirchheimbolanden
26%

Verteilung der Resultate

Perzentil nach korrekt beantworteten Fragen

Anzahl Personen mit jedem Resultat

Ihre Resultats-Entwicklung

Sie haben dieses Quiz noch nicht gespielt